A Treatise on the Specific Performance of Contracts (Record no. 1311876)

MARC details
000 -LEADER
fixed length control field 00537nam a2200181Ia 4500
005 - DATE AND TIME OF LATEST TRANSACTION
control field 20250612171954.0
008 - FIXED-LENGTH DATA ELEMENTS--GENERAL INFORMATION
fixed length control field 008 250505s9999 xx 000 0 eng d
020 ## - INTERNATIONAL STANDARD BOOK NUMBER
International Standard Book Number 9789393850966
040 ## - CATALOGING SOURCE
Language of cataloging eng
Transcribing agency ILCL
041 ## - LANGUAGE CODE
Language code of text/sound track or separate title eng
Source of code eng
100 ## - MAIN ENTRY--PERSONAL NAME
Personal name Fry, Sir Edward
245 #2 - TITLE STATEMENT
Title A Treatise on the Specific Performance of Contracts
250 ## - EDITION STATEMENT
Edition statement 6
260 ## - PUBLICATION, DISTRIBUTION, ETC.
Place of publication, distribution, etc. Delhi
Name of publisher, distributor, etc. Law and Justice Publishing Company
Date of publication, distribution, etc. 2023
300 ## - PHYSICAL DESCRIPTION
Extent li,741p.,108
700 ## - ADDED ENTRY--PERSONAL NAME
Personal name Northcote, George Russell
942 ## - ADDED ENTRY ELEMENTS (KOHA)
Koha item type Textbook
Source of classification or shelving scheme
100 ## - MAIN ENTRY--PERSONAL NAME
-- 754454
700 ## - ADDED ENTRY--PERSONAL NAME
-- 754455
999 ## -
-- 1311876
-- 1311876
Holdings
Withdrawn status Lost status Damaged status Not for loan Home library Current library Date acquired Source of acquisition Cost, normal purchase price Inventory number Total checkouts Barcode Date last seen Price effective from Koha item type
        Integrated Law Course library Integrated Law Course library 7-03-24 Apple Books 1595.00 003 dt. 03-07-2024   IL1863036 2025-05-06 2025-05-06 Textbook
        Integrated Law Course library Integrated Law Course library   Singhal Publications 1595.00 2526 dt. 26-06-2024   IL1863423 2025-05-06 2025-05-06 Textbook
Copyright @ Delhi University Library System